000 00668nam a22002177a 4500
005 20180626141903.0
008 180626b xxu||||| |||| 00| 0 eng d
010 _aB-167157
020 _c395.00
_a8178241080
035 _aB-167157
037 _bBPPD/PUB
040 _aDPL
_bEnglish
082 _a796.358
100 _aGuha, Ramachandra
245 _aThe state of Indian cricket :
_bAnecodotal histories
_cRamachandra Guha
260 _aDelhi
_bPermanent black
_c2005
270 _bDelhi
_aD-28, Oxford Apartments, 11, I.P. Extension
_e110092
300 _a308p
_c23cm(Hb)
500 _aincludes index
942 _adpl
_cEN
_2ddc
_h796.358
_mGUH
999 _c153111
_d153111